000 01235cab a2200325 4500
001 ABS59240
008 090401t1998 xxu||||| |||| 00| 0 eng d
035 _a(Sirsi) u88220
041 _aeng
245 _aFocus `98: transport and planning
260 _c1998
350 _a0
490 _aEstates Gazette
_v(9834) 22 August 1998, 49-61(11)
520 _aSeries of articles on transport and planning issues. Includes a report on EG`s challenge for agents in several major cities to manage without their cars for one day. Discusses the effect on developers of new government policies on trunk roads, including the plans relating to commuted payments for the future maintenance of new road `works`. Considers the use of CPOs in major development plans.
650 _aBROWNFIELD SITES
650 _aCOMMUTED PAYMENTS
650 _aCOMMUTING
650 _aCOMPULSORY PURCHASE ORDERS
650 _aCONNECTION CHARGES
650 _aHIGHWAYS AGENCY
650 _aLISTED BUILDINGS
650 _aMULTIPLE OWNERSHIP
650 _aPUBLIC TRANSPORT
650 _aREGENERATION
650 _aROADSIDE DEVELOPMENT
650 _aWHITE PAPER
690 _aTRANSPORT AND COMMUNICATIONS
942 _n0
948 _c02/09/1998
999 _c55731
_d55731